Labour and Industrial Law (Record no. 717)

MARC details
000 -LEADER
fixed length control field 00383nam a22001577a 4500
005 - DATE AND TIME OF LATEST TRANSACTION
control field 20210831105848.0
008 - FIXED-LENGTH DATA ELEMENTS--GENERAL INFORMATION
fixed length control field 160513b xxu||||| |||| 00| 0 eng d
041 ## - LANGUAGE CODE
Language code of text/sound track or separate title eng
082 ## - DEWEY DECIMAL CLASSIFICATION NUMBER
Item number 1861
Classification number 343.07
100 ## - MAIN ENTRY--AUTHOR NAME
Personal name K.M. Pillai
245 ## - TITLE STATEMENT
Title Labour and Industrial Law
260 ## - PUBLICATION, DISTRIBUTION, ETC. (IMPRINT)
Place of publication Faridabad
Name of publisher Allahabad law agency
Year of publication 2003
300 ## - PHYSICAL DESCRIPTION
Number of Pages 540
650 ## - SUBJECT ADDED ENTRY--TOPICAL TERM
Topical Term Management
942 ## - ADDED ENTRY ELEMENTS (KOHA)
Koha item type Books
Holdings
Lost status Damaged status Collection code Home library Current library Shelving location Date acquired Cost, normal purchase price Full call number Accession Number Koha item type
    LAW JRU Library JRU Library SHELF-29-D 13/05/2016 240.00 343.07 1861 Books
    LAW JRU Library JRU Library SHELF-29-D 13/05/2016 240.00 343.07 1862 Books